Casa Howard /

Salvato in:
Dettagli Bibliografici
Autori principali: Forster, Edward Morgan (Autore), Woolf, Virginia (Autore)
Altri autori: La Stella, Enrico (Traduttore)
Natura: Libro
Lingua:italiano
Pubblicazione: Roma : Biblioteca economica Newton, 1996
Edizione:edizione integrale
Serie:Biblioteca economica Newton. Classici ; 81
Tags: Aggiungi Tag
Nessun Tag, puoi essere il primo ad aggiungerne!!

MARC

LEADER 00000nam a22000007i 4500
001 IT\ICCU\RAV\0270841
003 ItRI
005 20250824182132.0
008 960416s1996 it |||||| ||||| |||||c
020 |a 8881832895 
040 |b ita  |c ARCIGAY RIMINI 
041 7 |a ita  |2 ISO-639-2 
082 |a 823  |2 14 
100 1 |a Forster, Edward Morgan  |0 IT\ICCU\CFIV\002137  |4 aut 
240 1 0 |a Howards end.  |9 Forster, E. M. 
245 1 0 |a Casa Howard /  |c Edward Morgan Forster ; con un saggio di Virginia Woolf. 
250 |a edizione integrale 
260 |a Roma :  |b Biblioteca economica Newton,  |c 1996 
300 |a 247 p. ;  |c 22 cm 
500 |a Traduzione d Enrico La Stella 
700 1 |a Woolf, Virginia  |0 IT\ICCU\CFIV\016490  |4 aut 
700 1 |a La Stella, Enrico  |0 IT\ICCU\CFIV\108288  |4 trl 
830 0 |a Biblioteca economica Newton. Classici ;  |v 81  |0 IT\ICCU\RAV\0242528 
942 |2 ddc  |c BK 
952 |0 0  |1 0  |2 ddc  |4 0  |6 823_912000000000000_FOS_CAS  |7 1  |9 3189  |a RN  |b RN  |d 2025-02-15  |l 0  |o 823.912 FOS CAS  |p 10454  |r 2025-02-15 21:41:48  |w 2025-02-15  |x Donazione di Giovanni Rimondini  |y BK  |z Donazione di Giovanni Rimondini 
981 1 |6 z01  |a i   |b xxxe  
982 1 |6 z01  |a n 
999 |c 2569  |d 2569